| 000 | 00499 a2200169 4500 | ||
|---|---|---|---|
| 020 | _a9780120471416 | ||
| 082 | _a621.3822 | ||
| 090 |
_c7003 _d7003 |
||
| 100 | _aAkansu, Ali N. | ||
| 110 | _aRichard A Haddad | ||
| 245 |
_aMultiresolution signal decomposition : transforms, subbands, and wavelets _cAli N.Akansu _h2 nd ed. |
||
| 260 |
_aNew York _bAcademic Press _c2001 |
||
| 300 | _a499 p. | ||
| 650 | _aSignal processing--Digital techniques | ||
| 700 | _aAli N.Akansu | ||
| 942 |
_cBK _k621.3822 AKA |
||
| 999 |
_c10812 _d10812 |
||